00738 a2200193 45000010006000000050017000060080041000230030015000640400040000790800036001192450043001550200022001982640038002203000019002585050222002770410008004991000016005077000021005233659620260407155640.0260407a2000 arg spa dAR-UNSa-BCEJYS aAR-UNSa-BCEJYSbspacAR-UNSa-BCEJYS a657.41xContabilidad Financiera10aRatios de las empresas más rentables a978-84-8088-379-5 1aBarcelona :bGestión 2000c2000 a164 p.c25 cm. a1. Presentación - 2. Análisis sectorial de estados financieros - 3. Metodología utilizada para la obtención de los ratios medios e ideales - 4. Ratios seleccionados - 5. Ratios medios e ideales por actividades aspa1 aAmat, Oriol1 aFiestas, Ignacio